Separácia odpadov v prostredí SR bakalárska práca

Salvato in:
Dettagli Bibliografici
Autore principale: Čontofalská, Martina
Ente Autore: Obchodná fakulta EU. Katedra marketingu
Altri autori: Borguľa, Matúš
Natura: Libro
Lingua:slovacco
Pubblicazione: Bratislava 2013
Tags: Aggiungi Tag
Nessun Tag, puoi essere il primo ad aggiungerne!!

MARC

LEADER 00000nbm a2200000 4500
001 0171297
005 20161109112029.4
041 0 |a slo 
044 |a SK 
245 1 0 |a Separácia odpadov v prostredí SR  |b bakalárska práca  |c Martina Čontofalská ; školiteľ: Matúš Borguľa 
264 1 |a Bratislava  |c 2013 
300 |a 53 s. 
100 1 |a Čontofalská, Martina 
700 1 |a Borguľa, Matúš 
710 2 |a Obchodná fakulta EU. Katedra marketingu